Judaism - Statistics

General Stats
  • This quiz has been taken 262 times
  • The average score is 7 of 15
Answer Stats
Clue Answer % Correct
The type of food Jews eat Kosher
96%
The first 5 books of the Tanakh Torah
82%
Leads Jewish prayer services Rabbi
78%
The father in faith, mentioned in the book of Genesis Abraham
75%
Jews who follow the Tenakh word for word Orthodox
67%
A head covering, symbol of respect for God Kippah
57%
The event in which Jews were freed from Slavery in Egypt Passover
49%
The oral law Talmud
44%
Canopy Jewish couples marry under Chuppah
38%
Meaning of the term 'brit milah' Circumcision
34%
There are 613 of these Mitzvah
34%
Ever burning lamp in a synagogue Ner Tamid
16%
Jewish volunteer emergency medical service Hatzolah
7%
A key moral principle in which everyone gets what they deserve justice
4%
The belief that God upholds everything he created sustainer
1%
No matching quizzes found
Score Distribution
Percent of People with Each Score
Percentile by Number Answered
Your Score History
You have not taken this quiz